Indian art and culture / (Record no. 182049)

MARC details
000 -LEADER
fixed length control field 00515nam a22001697a 4500
005 - DATE AND TIME OF LATEST TRANSACTION
control field 20211021152723.0
010 ## - LCCN (DPL NO)
LC control number EN230921
020 ## - INTERNATIONAL STANDARD BOOK NUMBER
International Standard Book Number 9789353228866
Terms of availability 350.00
037 ## - SOURCE OF ACQUISITION
Source of stock number/acquisition Prabhat Prakashan
100 ## - MAIN ENTRY--PERSONAL NAME
Personal name Agrawal, P.K..
245 ## - TITLE STATEMENT
Title Indian art and culture /
Statement of responsibility, etc P.K.Agrawal
260 ## - PUBLICATION, DISTRIBUTION, ETC. (IMPRINT)
Place of publication, distribution, etc New Delhi
Name of publisher, distributor, etc Prabhat Prakashan
Date of publication, distribution, etc 2020
270 ## - ADDRESS
Address 4/19, Asaf Ali Road,
City New Delhi
Postal code 110002
300 ## - PHYSICAL DESCRIPTION
Extent 106,1-10p. :
Dimensions 26 cm(pbk)
500 ## - GENERAL NOTE
General note For civil services preliminary and main examinations
942 ## - ADDED ENTRY ELEMENTS (KOHA)
Source of classification or shelving scheme Dewey Decimal Classification
Item type English Books
Call number suffix AGR

No items available.


© Delhi Public Library
Hit Counter
free hit counter